000 00334nam a2200133Ia 4500
008 240624s9999 xx 000 0 und d
041 _aeng
082 _a292.13 SEA
100 _aSEARS KATHLEEN
245 _aMYTHOLOGY 101 FROM GODS AND GODDESSES TO
260 _c2014
_aUSA
_bAdams Media
300 _a288 P.; 17 cm
365 _c
_b33
999 _c32349
_d32349